000 01098nam a22003017i 4500
005 20240829034951.0
008 230525s2016 ck a br 000 m spa d
020 _a9789583050961
040 _aCO-PeBPR
_cCO-PeBPR
_erda
041 _aspa
082 0 4 _a793.7
_bR333i
100 1 _953204
_aRegan, Lisa
_eautora
245 1 3 _aEl increíble libro de juegos y actividades
_cLisa Regan y [otros dos]
250 _aPrimera edición
264 0 1 _aBogotá
_bPanamericana editorial
_c2016
300 _a181 páginas
_bilustraciones en blanco y negro
_c27 cm
336 _atexto
_btxt [
_2rdacontent ]
337 _asin mediación
_bn [
_2rdamedia]
338 _avolumen
_bnc [
_2rdacarrier]
500 _aTítulo original: The totally brilliant puzzle and activity book
650 0 _927327
_aJuegos
650 0 _951894
_aJuegos Didácticos
650 0 _919866
_aDiversiones
700 1 _953205
_aBakle, Beccy
_eilustrador
700 1 _953206
_aMojica, Juan Pablo
_etraductor
830 _aDotación Gobernación de Risaralda
942 _2ddc
_cBK
_h793.7 R333i
_k793.7
_mR333i
999 _c59483
_d59483